000 00284nam a2200109Ia 4500
008 230907s9999||||xx |||||||||||||| ||und||
082 _a621.3192
_bNAV
245 0 _aSchaum's outlines electric circuits /
260 _aMcGraw-Hill,
_bChennai :
_c2017
300 _aUnpaged.
942 _cBK
999 _c601535
_d601535